Normal view
MARC view
- Ivancevich, John M..
Entry Personal Name
001 - CONTROL NUMBER
- control field: 6440
003 - CONTROL NUMBER IDENTIFIER
- control field: OSt
005 - DATE AND TIME OF LATEST TRANSACTION
- control field: 20170519113508.0
008 - FIXED-LENGTH DATA ELEMENTS
- fixed length control field: 170519|| aca||aabn | a|a d
040 ## - CATALOGING SOURCE
- Original cataloging agency: OSt
- Transcribing agency: OSt
100 ## - HEADING--PERSONAL NAME
- Personal name: Ivancevich, John M..
- Title of a work: Foundations of personnel
670 ## - SOURCE DATA FOUND
- Source citation: Work cat.: (OSt)0: Ivancevich, John M. 6061, Human resource management :, 1998

PORTAL AKMAL
E-MEL JKDM
AKMAL2U
G-BAM
u-PUSTAKA